Leasehold enfranchisement explained (Record no. 110733)
[ view plain ]
| 000 -LEADER | |
|---|---|
| fixed length control field | 01420cam a22002775a 4500 |
| 001 - CONTROL NUMBER | |
| control field | L150096 |
| 008 - FIXED-LENGTH DATA ELEMENTS--GENERAL INFORMATION | |
| fixed length control field | 100602s2010 xxk f 001 0 eng d |
| 020 ## - INTERNATIONAL STANDARD BOOK NUMBER | |
| International Standard Book Number | 9781842195840 |
| 035 ## - SYSTEM CONTROL NUMBER | |
| System control number | (Sirsi) u150096 |
| 041 0# - LANGUAGE CODE | |
| Language code of text/sound track or separate title | eng |
| 050 04 - LIBRARY OF CONGRESS CALL NUMBER | |
| Classification number | 346.4104346 $2 18 |
| 100 1# - MAIN ENTRY--PERSONAL NAME | |
| Personal name | Gibbons, Ellodie |
| 245 00 - TITLE STATEMENT | |
| Title | Leasehold enfranchisement explained |
| 260 ## - PUBLICATION, DISTRIBUTION, ETC. | |
| Place of publication, distribution, etc. | Coventry |
| Name of publisher, distributor, etc. | RICS |
| Date of publication, distribution, etc. | 2010 |
| 300 ## - PHYSICAL DESCRIPTION | |
| Extent | xiii, 432p. |
| Dimensions | 21cm. |
| 505 2# - FORMATTED CONTENTS NOTE | |
| Formatted contents note | Enfranchisement explained -- Flats: the individual right of a tenant to a acquire a new lease -- Flats: new lease claims: valuation issues -- Flats: collective enfranchisement -- Flats: collective enfranchisement valuation issues -- Houses: the right of a tenant to acquire the freehold -- Houses: the right of a tenant to acquire an extended lease -- Houses: extended leases and enfranchisement valuation issues -- Glossary |
| 520 ## - SUMMARY, ETC. | |
| Summary, etc. | This book explains the responsibilities for each party and timetables with which to comply. It explains how to deal with normal valuation and legal issues. Includes fully illustrated valuation calculations and legal issues by demonstrating this using flow charts, sample forms, checklists and diagrams. |
| 521 ## - TARGET AUDIENCE NOTE | |
| Target audience note | Advanced |
| 590 ## - LOCAL NOTE (RLIN) | |
| Local note | KA |
| 650 24 - SUBJECT ADDED ENTRY--TOPICAL TERM | |
| Topical term or geographic name entry element | LEASEHOLD REFORM ACT 1967 |
| 651 #4 - SUBJECT ADDED ENTRY--GEOGRAPHIC NAME | |
| Geographic name | United Kingdom |
| Chronological subdivision | |
| 690 ## - LOCAL SUBJECT ADDED ENTRY--TOPICAL TERM (OCLC, RLIN) | |
| Topical term or geographic name as entry element | LANDLORD AND TENANT-LEASEHOLD REFORM |
| 700 1# - ADDED ENTRY--PERSONAL NAME | |
| Personal name | Wilson, James |
| 700 1# - ADDED ENTRY--PERSONAL NAME | |
| Personal name | Driscoll, James |
| Relator term | ed. |
| 942 ## - ADDED ENTRY ELEMENTS (KOHA) | |
| Suppress in OPAC | 0 |
| Withdrawn status | Lost status | Source of classification or shelving scheme | Damaged status | Not for loan | Home library | Current library | Shelving location | Date acquired | Total Checkouts | Full call number | Barcode | Date last seen | Copy number | Price effective from | Koha item type |
|---|---|---|---|---|---|---|---|---|---|---|---|---|---|---|---|
| Dewey Decimal Classification | London | London | RICS Boxes | 02/06/2010 | RICS 2010/28 | 30075512 | 06/08/2019 | 1 | 06/08/2019 | Archive | |||||
| Dewey Decimal Classification | London | London | Reference copy | 02/06/2010 | 346.4104346 GIB | 30075457 | 06/08/2019 | 1 | 06/08/2019 | Book | |||||
| Dewey Decimal Classification | London | London | Books | 02/06/2010 | 346.4104346 GIB | 30075458 | 06/08/2019 | 2 | 06/08/2019 | Book | |||||
| Dewey Decimal Classification | London | London | Books | 02/06/2010 | 346.4104346 GIB | 30075459 | 06/08/2019 | 3 | 06/08/2019 | Book |